000 00856nam a2200277 i 4500
001 bg
100 1 _aSWEENEY, Simon
245 1 0 _aTest your business English - marketing /
_cSimon Sweeney.
250 _aSpec. ed.
260 _aHarlow :
_bPearson Education :
_bPenguin Books,
_c2000.
300 _a97 s. :
_brys. ;
_c24 cm.
490 1 _aTest Your ...
500 _aNa okł.: "includes English, Polish, Russian and German wordlist".
650 9 _aJęzyk angielski
650 9 _aMarketing
_xsłownictwo
655 _aPodręczniki akademickie
830 _aTest Your ...
020 _a0582461138
040 _cBPK
041 0 _aeng
080 _a811.111(075.8):339.138
920 _a0-582-46113-8
942 _cKS
008 s pl f |000 0 pol
999 _c51364
_d51364
856 _uhttp://koha.tu.koszalin.pl/cgi-bin/koha/opac-detail.pl?biblionumber=51364
_yKatalog online BPK